<?xml version="1.0" encoding="utf-8"?>
<?xml-stylesheet type='text/xsl' href='./oai2.xsl'?>
<OAI-PMH xmlns="http://www.openarchives.org/OAI/2.0/" xmlns:xsi="http://www.w3.org/2001/XMLSchema-instance" xsi:schemaLocation="http://www.openarchives.org/OAI/2.0/ http://www.openarchives.org/OAI/2.0/OAI-PMH.xsd">
  <responseDate>2026-04-30T05:43:19Z</responseDate>
  <request verb="GetRecord" metadataPrefix="marcxml" identifier="record_kuniweb_2529236">https://kulturerbe.niedersachsen.de/oai</request>
  <GetRecord>
    <record>
      <header>
        <identifier>record_kuniweb_2529236</identifier>
        <datestamp>2025-08-28T09:38:22Z</datestamp>
        <setSpec>slg0285</setSpec>
      </header>
      <metadata>
        <marc:record xmlns:marc="http://www.loc.gov/MARC21/slim" xsi:schemaLocation="http://www.loc.gov/MARC21/slim http://www.loc.gov/standards/marcxml/schema/MARC21slim.xsd">
          <marc:leader>12345nkm  22     uu 4500</marc:leader>
          <marc:controlfield tag="001">2529236</marc:controlfield>
          <marc:controlfield tag="003">http://kuniweb.gbv.de</marc:controlfield>
          <marc:controlfield tag="005">2025-08-13T15:58:53</marc:controlfield>
          <marc:controlfield tag="008">|           ||||||||||||||||||||||</marc:controlfield>
          <marc:datafield tag="245" ind1="1" ind2="0">
            <marc:subfield code="a">Musterblatt Tafel 27 mit verschiedenen Ornamenten</marc:subfield>
          </marc:datafield>
          <marc:datafield tag="655" ind1=" " ind2="7">
            <marc:subfield code="a">Grafik</marc:subfield>
          </marc:datafield>
          <marc:datafield tag="046" ind1=" " ind2=" ">
            <marc:subfield code="k">1860</marc:subfield>
            <marc:subfield code="k">das Musterblatt wurde zwischen 1860 und 1870 hergestellt</marc:subfield>
            <marc:subfield code="l">1870</marc:subfield>
          </marc:datafield>
          <marc:datafield tag="260" ind1=" " ind2=" ">
            <marc:subfield code="g">1860</marc:subfield>
            <marc:subfield code="g">1870</marc:subfield>
            <marc:subfield code="g">das Musterblatt wurde zwischen 1860 und 1870 hergestellt</marc:subfield>
          </marc:datafield>
          <marc:datafield tag="520" ind1=" " ind2=" ">
            <marc:subfield code="a">Die Musterblätter – vier verschiedene Kategorien, genannt Abteilungen (Abt.) - hatten ein Format von etwa DIN A4, waren überwiegend in schwarz-weiß gedruckt und dienten der Präsentation des jeweiligen Objekts zu Verkaufszwecken. (Förderkreis Königshütte Bad Lauterberg e.V.)

Aufdruck:
Abt. III Tafel 27 Ornamente No 39 Löwenkopf; Gewicht 2 13/16 Pfund No 40 durchbrochene Rosette; Gewicht 5 ¼ Pfund No 41 Engelskopf; Gewicht 9/16 Pfund No 42 Löwenkopf; Gewicht 5/8 Pfund No 43 Stuhlverzierung, tulpenartig hohl; Gewicht ¼ Pfund No 44 Löwenkopf; Gewicht ¼ Pfund No 45 Tigerkopf; Gewicht 19/32 Pfund No 46 Verzierung zu Stuhlfüßen, hohl; Gewicht 9/16 Pfund No 47 Verzierung an Grabmählern; Gewicht 3 3/16 Pfund No 48 Arabeske; Gewicht 1/16 Pfund No 49 Acanthusblatt; Gewicht 9/16 Pfund No 50 Eichenguirlande, Gewicht des laufenden Fusses 7/8 Pfund No 51 Blättchen, Gewicht des Stücks 3/32 Pfund Guss und Verkauf von No 40, 43, 45, 46, 48, 51 zu ROTHEHÜTTE (Unter den Ornamenten befindet sich ein Maßstab – Länge 12 Zoll sowie der Name H. Grape, vermutlich hat er die Lithographie als richtig abgezeichnet)

Verwendungszweck:
entspricht einem heutigen Verkaufskatalog

Literatur in Zusammenhang:
Onlineprinters https://www.onlineprinters.de/magazin/lithographieWas ist Lithographie? Bedeutung, Ablauf und Einsatz</marc:subfield>
          </marc:datafield>
          <marc:datafield tag="650" ind1="1" ind2=" ">
            <marc:subfield code="a">Ornament</marc:subfield>
          </marc:datafield>
          <marc:datafield tag="650" ind1="1" ind2=" ">
            <marc:subfield code="a">Musterblatt</marc:subfield>
          </marc:datafield>
          <marc:datafield tag="650" ind1="1" ind2=" ">
            <marc:subfield code="a">Grafik, Fotografie &gt; Druckgrafik</marc:subfield>
          </marc:datafield>
          <marc:datafield tag="650" ind1="1" ind2=" ">
            <marc:subfield code="a">Handel</marc:subfield>
          </marc:datafield>
          <marc:datafield tag="773" ind1="0" ind2=" ">
            <marc:subfield code="t">Musterblätter - Rosetten und Gitterverzierungen, Gitterwerke und mehr</marc:subfield>
          </marc:datafield>
          <marc:datafield tag="852" ind1=" " ind2=" ">
            <marc:subfield code="a">Industriedenkmal Königshütte Bad Lauterberg im Harz</marc:subfield>
          </marc:datafield>
          <marc:datafield tag="852" ind1=" " ind2=" ">
            <marc:subfield code="a">Königshütte (Harz) (Oberharz am Brocken, Harz, Sachsen-Anhalt)</marc:subfield>
          </marc:datafield>
          <marc:datafield tag="852" ind1=" " ind2=" ">
            <marc:subfield code="a">Bad Lauterberg im Harz (Göttingen, Niedersachsen)</marc:subfield>
          </marc:datafield>
          <marc:datafield tag="" ind1=" " ind2=" ">
            <marc:subfield code="a">Namensnennung - Nicht kommerziell - Keine Bearbeitungen 4.0 International (CC BY-NC-ND 4.0)</marc:subfield>
          </marc:datafield>
        </marc:record>
      </metadata>
    </record>
  </GetRecord>
</OAI-PMH>
